| 000 | 00000nam 2200000za 4500 |
| 001 | 9.801563 |
| 003 | CaOODSP |
| 005 | 20221107134825 |
| 007 | cr ||||||||||| |
| 008 | 150626s2015 xxc #o f000 0 eng d |
| 020 | |a978-0-660-02684-8 |
| 040 | |aCaOODSP|beng |
| 043 | |an-cn--- |
| 086 | 1 |aJ4-25/2015E-PDF |
| 245 | 00|aParenting plan checklist |h[electronic resource]. |
| 260 | |a[Ottawa] : |bDepartment of Justice Canada, |cc2015. |
| 300 | |a[8] p. |
| 500 | |aIssued also in French under title: Liste de vérification pour les plans parentaux. |
| 692 | 07|2gccst|aParenting |
| 692 | 07|2gccst|aChild custody |
| 710 | 1 |aCanada.|bJustice Canada. |
| 775 | 08|tListe de vérification pour les plans parentaux |w(CaOODSP)9.801564 |
| 794 | |tParenting plan checklist : |w(CaOODSP)9.896638 |
| 856 | 40|qPDF|s69 KB|uhttps://publications.gc.ca/collections/collection_2015/jus/J4-25-2015-eng.pdf |